Verbes irréguliers anglais #2 - Statistiques

Statistiques générales
  • Ce quiz a été pris 241 fois
  • Le résultat moyen est 19 sur 20
Statistiques - réponses
BV V-ED V-EN Traduction % Correct
draw drew drawn dessiner
100%
drink drank drunk boire
100%
drive drove driven conduire
100%
eat ate eaten manger
100%
fall fell fallen tomber
100%
fight fought fought combattre
99%
give gave given donner
99%
go went gone aller
99%
have had had avoir
99%
find found found trouver
98%
forget forgot forgotten oublier
98%
hear heard heard entendre
98%
hit hit hit frapper,atteindre
98%
feed fed fed nourrir
94%
freeze froze frozen geler
94%
feel felt felt sentir,éprouver
93%
fly flew flown voler
93%
grow grew grown grandir
93%
get got got obtenir
92%
hide hid hidden (se) cacher
90%
Aucun quiz correspondant
Distribution des résultats
% des personnes avec chaque résultat
Percentile par nombre de réponses
Votre historique - résultats
Vous n’avez pas pris ce quiz